Music Quiz

Random Music or Song Quiz
Score 0/24 Timer 08:00
0 Plays Today
% Correct
Yesterday
89.8%
Tomorrow
83.3%
We Are The Champions
78.8%
Hello
77%
Umbrella
75.1%
Shout
71.7%
Bye Bye Bye
69.3%
Toxic
68.9%
You're So Vain
68%
Loser
65.8%
Stairway To Heaven
65.6%
Stand By Me
61.9%
% Correct
Highway to Hell
58.6%
Your Song
57.4%
Don't Stand So Close to Me
50.8%
Leaving on a Jet Plane
44.3%
Home
32.2%
Feel Good Inc.
30.8%
Raindrops Keep Falling on My Head
30.6%
Secrets
23.5%
The Remedy
22%
Confessions (Part II)
21.9%
Misery Business
21.2%
Shut Up
20.7%
Come Together.
Have Fun.
All Virtual.
We all need to come together. Play Sporcle's virtual live trivia to have fun, connect with people, and get your trivia on. Join a live hosted trivia game for your favorite pub trivia experience done virtually. If a virtual private party is more your thing, go here for details.

You're not logged in!

Compare scores with friends on all Sporcle quizzes.
OR
Log In

Sporcle TV

Today on Sporcle TV


Watch our educational content, quiz creation guides, and fun videos on Sporcle TV.

Show Comments

Extras

Top Quizzes Today


Score Distribution

Paid Content

Your Account Isn't Verified!

In order to create a playlist on Sporcle, you need to verify the email address you used during registration. Go to your Sporcle Settings to finish the process.

Report this User

Report this user for behavior that violates our Community Guidelines.

Details: